=LDR 00000nam 2200000 4500 =001 INLIS000000000039144 =005 20130612144807 =008 ***********************************Ind** =035 ##$$0010-061300000039144 =041 ##$$a Ind =082 ##$$a 813 =090 ##$$a 813, Uta t =100 ##$$a Utari, Dewi Ria =245 ##$$a The Swan, novel, Dewi Ria Utari =260 ##$$a 2010 $b Jakarta =300 ##$$a 167 hlm, 22 cm =650 ##$$a Sastra Indonesia =850 ##$$a NBPNMAT